Statistics for Name 20 Random Flag Maps

Click here to take the quiz!

General Stats

  • This quiz has been taken 101 times
  • The average score is 11 of 20

Answer Stats

Answer% Correct
Abkhazia
100%
Alaska
100%
Algeria
100%
Amazonas
100%
Angola
100%
Antarctica
100%
Arkansas
100%
Armenia
100%
Aruba
100%
Austria
100%
Azerbaijan
100%
Bahamas
100%
Balearic Islands
100%
Baltics
100%
Bangladesh
100%
Belgian Congo
100%
Belize
100%
Benin
100%
Botswana
100%
Bouvet Island
100%
British Honduras
100%
British Jamaica
100%
British Nigeria
100%
Brittany
100%
Burkina Faso
100%
Burundi
100%
Cambodia
100%
Canada
100%
Colorado
100%
Crete
100%
Crimea
100%
Croatia
100%
Cuba
100%
Czechia
100%
Czechoslovakia
100%
Dutch East Indies
100%
Ecuador
100%
Empire of Brazil
100%
England
100%
Equatorial Guinea
100%
Eritrea
100%
Ethiopia
100%
European Union
100%
Florida
100%
French Guiana
100%
French Indochina
100%
Ghana
100%
Gran Colombia
100%
Great Britain
100%
Guadeloupe
100%
Guinea
100%
Guyana
100%
Iceland
100%
India
100%
Indiana
100%
Indonesia
100%
Inner Mongolia
100%
Iran
100%
Iraq
100%
Isle of Man
100%
Italian Libya
100%
Italy
100%
Jordan
100%
Kaliningrad
100%
Kampuchea
100%
Kentucky
100%
Kenya
100%
Liberia
100%
Libya
100%
Los Angeles
100%
Macau
100%
Madagascar
100%
Mali
100%
Malta
100%
Manitoba
100%
Massachusetts
100%
Mexican Empire
100%
Mexico
100%
Mississippi
100%
Missouri
100%
Monaco
100%
Mongol Empire
100%
Mongolia
100%
Montenegro
100%
Nepal
100%
New Hampshire
100%
New York
100%
New York City
100%
New Zealand
100%
Nicaragua
100%
Norfolk Island
100%
Normandy
100%
North Korea
100%
North Macedonia
100%
North Vietnam
100%
Nunavut
100%
Ohio
100%
Oklahoma
100%
Ottoman Empire
100%
Pakistan
100%
Palau
100%
Panama
100%
Paraguay
100%
Peru
100%
Philippines
100%
Poland
100%
Portugal
100%
Prussia
100%
Quebec
100%
Republic of the Congo
100%
Samoa
100%
Seychelles
100%
Sicily
100%
Singapore
100%
South Africa
100%
South Vietnam
100%
Spanish Philippines
100%
Sweden
100%
Taiwan
100%
Tanzania
100%
Thailand
100%
Ukraine
100%
Ukrainian SSR
100%
United Arab Emirates
100%
United Nations
100%
United States
100%
US Virgin Islands
100%
Wales
100%
Weimar Republic
100%
Western Australia
100%
West Virginia
100%
Yemen
100%
Zaire
100%
Victoria
75%
French Algeria
67%
Myanmar
67%
New Spain
67%
Queensland
67%
Republika Srpska
67%
Timor-Leste
67%
Anguilla
50%
Arizona
50%
Australian Capital Territory
50%
British Burma
50%
Canary Islands
50%
Delaware
50%
Fukui
50%
German Kamerun
50%
German Nauru
50%
Hokkaido
50%
Liechtenstein
50%
Moscow
50%
New Caledonia
50%
Saar
25%
Jarvis
20%
Acre
0%
Afghanistan
0%
African Union
0%
Alabama
0%
Aland
0%
Albania
0%
Alberta
0%
Allied-Occupied Germany
0%
American Philippines
0%
Amsterdam
0%
Anglo-Egyptian Sudan
0%
Arab League
0%
Arab League
0%
Argentina
0%
Artsakh
0%
Ascension
0%
ASEAN
0%
Azawad
0%
Bahrain
0%
Baja California
0%
Baja California Sur
0%
Bavaria
0%
Belgium
0%
Berlin
0%
Bermuda
0%
Bhutan
0%
Brazil
0%
British Africa
0%
British Columbia
0%
British Gold Coast
0%
British Hong Kong
0%
British North America
0%
British Raj
0%
British Virgin Islands
0%
Brunei
0%
Bulgaria
0%
Burgundy
0%
Byelorussian SSR
0%
California
0%
Cascadia
0%
Catalonia
0%
CEFTA
0%
Central America
0%
Chiapas
0%
Chicago
0%
Chile
0%
Chilean Antarctica
0%
China
0%
Colombia
0%
Commonwealth of Independent States
0%
Confederate States
0%
Connecticut
0%
Curacao
0%
Democratic Republic of the Congo
0%
Detroit
0%
District of Columbia
0%
Dominican Republic
0%
Easter Island
0%
Eastern Bloc
0%
East Germany
0%
East Malaysia
0%
Egypt
0%
Empire of Japan
0%
Estonian SSR
0%
Eswatini
0%
European Commonwealth
0%
Far Eastern Republic
0%
Faroe Islands
0%
Frankfurt
0%
French Empire
0%
French Lebanon
0%
French Madagascar
0%
French Sudan
0%
French West Africa
0%
German Empire
0%
German South-West Africa
0%
German Togoland
0%
Germany
0%
Gibraltar
0%
Greece
0%
Greenland
0%
Guatemala
0%
Guinea-Bissau
0%
Haiti
0%
Hamburg
0%
Hanover
0%
Holy Roman Empire
0%
Honolulu
0%
Hopi Reservation
0%
Idaho
0%
Illinois
0%
Indonesia
0%
Italian East Africa
0%
Ivory Coast
0%
Jamaica
0%
Jan Mayen
0%
Kalmar Union
0%
Karelo-Finnish SSR
0%
Kazakh Khanate
0%
Kuwait
0%
Laos
0%
Lebanon
0%
Leningrad Oblast
0%
Lima
0%
London
0%
Louisiana
0%
Lower Canada
0%
Lower Saxony
0%
Madeira
0%
Maine
0%
Manchukuo
0%
Maryland
0%
Mauritius
0%
Mengjiang
0%
Michigan
0%
Milan
0%
Moldovan SSR
0%
Montana
0%
Morocco
0%
Mozambique
0%
NATO
0%
Navajo Nation
0%
Navassa
0%
Nebraska
0%
Netherlands
0%
Nevis
0%
New Brunswick
0%
New England
0%
New Jersey
0%
New Mexico
0%
New South Wales
0%
New Zealand
0%
Nigeria
0%
Niue
0%
North Carolina
0%
North Dakota
0%
Northern Ireland
0%
Northern Territory
0%
Northwest Territories
0%
Ontario
0%
Panama Canal Zone
0%
Papua New Guinea
0%
Pennsylvania
0%
Persian Empire
0%
Peru-Bolivian Confederation
0%
Peter I Island
0%
Philadelphia
0%
Portuguese Timor
0%
Quebec City
0%
Republic of Texas
0%
Reunion
0%
Rhode Island
0%
Rio Grande
0%
Rio Negro
0%
Roman Empire
0%
Romania
0%
Rome
0%
Russia
0%
Russian North America
0%
Russian SFSR
0%
Ryukyu
0%
Saint Helena
0%
Saint Pierre and Miquelon
0%
Sardinia
0%
Saskatchewan
0%
Scotland
0%
Serbia and Montenegro
0%
Sicily
0%
Sint Maarten
0%
Slovenia
0%
Solomon Islands
0%
Somalia
0%
South Dakota
0%
South Georgia
0%
Soviet Germany
0%
Soviet Union
0%
Spain
0%
Spanish Guinea
0%
Spanish Morocco
0%
Spanish Sahara
0%
Sudan
0%
Switzerland
0%
Syria
0%
Tasmania
0%
Texas
0%
Thailand
0%
The Gambia
0%
Toronto
0%
Trieste
0%
Tristan de Cunha
0%
Tunisia
0%
Turks and Caicos Islands
0%
Turks and Caicos Islands
0%
United Arab Republic
0%
United Kingdom
0%
Ural Republic
0%
Utah
0%
Vancouver
0%
Venezuela
0%
Vermont
0%
Vermont Republic
0%
Vichy France
0%
Vietnam
0%
Virginia
0%
Wake Island
0%
Warsaw
0%
Warsaw Pact
0%
Western Bosnia
0%
Western Sahara
0%
West Germany
0%
West Sumatra
0%
Wisconsin
0%
Xinjiang
0%
Yugoslavia
0%
Yukon
0%
Zimbabwe
0%

Score Distribution

Percentile by Number Answered

Percent of People with Each Score

Your Score History

You have not taken this quiz